Reaparece la iguana en Panamá /
Guardado en:
| Hovedforfatter: | |
|---|---|
| Format: | Texto |
| Fag: | |
| Tags: |
Tilføj Tag
Ingen Tags, Vær først til at tagge denne postø!
|
MARC
| LEADER | 00000 a a2200000 04500 | ||
|---|---|---|---|
| 001 | 41622 | ||
| 003 | |||
| 040 | |||
| 100 | |a Chapin,Mac | ||
| 245 | |a Reaparece la iguana en Panamá / |c Mac Chapin | ||
| 650 | |a REPTILES | ||
| 650 | |a CAZA | ||
| 650 | |a POBLACION RURAL | ||
| 650 | |a ORGANIZACIONES NO GUBERNAMENTALES | ||
| 650 | |a CONSERVACION DE LA VIDA SILVESTRE | ||
| 650 | |a ESPECIES EN PELIGRO DE EXTINCION | ||
| 650 | |a PEQUEÑOS AGRICULTORES | ||
| 773 | |g volumen10, número2 ( , 1986), páginas 2-7 | ||
| 999 | |c 29724 |d 29724 | ||
